000 00364nam a2200145Ia 4500
008 240624s9999 xx 000 0 und d
041 _aeng
082 _a150 LOP
100 _aLOPEZ SHANE J
245 _aOXFORD HANDBOOK OF POSITIVE PSYCHOLOGY
250 _a(2nd ed.)
260 _c2011
_aUSA
_bOxford University Press USA
300 _a744 : p.
365 _c
_b30
999 _c24007
_d24007